| 000 | 00688nam a22002177a 4500 | ||
|---|---|---|---|
| 999 |
_c2033 _d2033 |
||
| 003 | SLTCLib | ||
| 008 | 260612b ce ||||| |||| 00| 0 eng d | ||
| 020 | _a979-8378810956 | ||
| 041 | _aEnglish | ||
| 080 |
_a658.4 _bVAL |
||
| 100 |
_aValme, Samuel _93593 |
||
| 245 |
_aMastering the Art of Management _bA Step-by-Step Guide to Buliding Leadership Skills and Achieving Success as a Manager |
||
| 260 |
_bAuthor Publication _c2023 |
||
| 300 | _a156p. | ||
| 650 | 0 |
_93090 _aHuman Resources Management |
|
| 650 | 0 |
_92387 _aPersonal Management |
|
| 650 | 0 |
_959 _aLeadership |
|
| 650 | 0 |
_9132 _aDecision Making |
|
| 942 |
_2ddc _cMRE |
||
| 945 |
_a3725 _bIshara wickramage _c4470 _dRashmi WASANA |
||